Prueba sobre Tonga - Estadísticas

Estadísticas generales
  • Esta prueba ha sido intentada 19 veces
  • La puntuación promedio es 8 de 15
Estadísticas de respuestas
Descripción Respuesta % Correcto
Gentilicio Tongano-a
94%
Menciona un idioma oficial Tongano e Inglés
89%
País del que se independizaron Reino Unido
83%
Menciona un país que tenga embajada en Tonga Australia/R. P. China/Japón/Nueva Zelanda
72%
Menciona un país con el que limita marítimamente Tonga Estados Unidos/Fiyi/Francia/Nueva Zelanda/Samoa
72%
Religión mayoritaria Cristianismo
50%
Capital Nukualofa
50%
Moneda nacional Pa'anga (Dólar Tongano)
50%
Deporte más popular del país Rugby
44%
Mayor exportación de Tonga Mariscos
39%
Poderoso imperio que existió entre el 950-1826 que se centró en la actual Tonga Imperio Tu'i Tonga
33%
Isla principal de Tonga Tongatapu
28%
Volcán submarino que hizo erupción el 15 de Enero de 2022 dejando como consecuencia la evacuación de varias zonas costeras en el Pacífico Hunga-Tonga-Hunga-Ha'apai
22%
Segunda ciudad más grande de Tonga Neiafu
17%
Actual monarca Tupou VI de Tonga
17%
No se encontraron pruebas coincidentes
Distribución de puntuación
Porcentaje de gente con cada puntuación
Porcentaje por número respondido
Historial de tus puntuaciones
No has intentado esta prueba.